000 00272nam a2200121Ia 4500
008 190216s9999||||xx |||||||||||||| ||und||
100 _aJay Pal Shashthri
245 0 _aHindi-Nerkasev
260 _bJ K Book Centre
_c2008
300 _a164
650 _aHindi
942 _cBK
999 _c16677
_d16677